000 nam a22 7a 4500
999 _c7368
_d7368
008 170818b xxu||||| |||| 00| 0 eng d
100 _aSahoo
_93903
245 _aComputer science C++ with solution
260 _aNew delhi
_bRachina sagar pvt ltd